Welcome to Marium Abdulla Library

Embrace knowledge with a breath of fresh air.

Browse Collection

Marium Abdulla Library

The seal of the prophets and his message (Record no. 12116)

MARC details
000 -LEADER
fixed length control field 00435nam a2200181Ia 4500
001 - CONTROL NUMBER
control field 10837
005 - DATE AND TIME OF LATEST TRANSACTION
control field 20250626030806.0
008 - FIXED-LENGTH DATA ELEMENTS--GENERAL INFORMATION
fixed length control field 211022s9999 xx 000 0 und d
020 ## - INTERNATIONAL STANDARD BOOK NUMBER
International Standard Book Number 1871031354
082 ## - DEWEY DECIMAL CLASSIFICATION NUMBER
Classification number 297.60 MUS
100 ## - MAIN ENTRY--PERSONAL NAME
Personal name Musavi Lari, Sayyid Mujtaba
245 #4 - TITLE STATEMENT
Title The seal of the prophets and his message
260 ## - PUBLICATION, DISTRIBUTION, ETC.
Place of publication, distribution, etc. Potomac
260 ## - PUBLICATION, DISTRIBUTION, ETC.
Name of publisher, distributor, etc. Islamic Education Center
260 ## - PUBLICATION, DISTRIBUTION, ETC.
Date of publication, distribution, etc. 1989
300 ## - PHYSICAL DESCRIPTION
Extent 195
942 ## - ADDED ENTRY ELEMENTS (KOHA)
Koha item type Book
Holdings
Date last seen Total checkouts Full call number Barcode Price effective from Koha item type Lost status Damaged status Not for loan Collection Withdrawn status Home library Current library Shelving location Date acquired Cost, normal purchase price
10/26/2021   297.60 MUS 10837 10/26/2021 Book       Liberal Arts   Marium Abdulla Library Marium Abdulla Library Non-Ref 02/18/2014 2500.00